000 00266nam a2200133Ia 4500
100 _aKulkarni/ Kelkar
942 _cBK
654 _aAlgebra
245 _aCollege Algebra
260 _bSindhu Kulkarni
_c1968
082 _a572
300 _a352
546 _aENGLISH
999 _c24516
_d24516